| 000 | 00690nam a2200181 i 4500 | ||
|---|---|---|---|
| 001 | 42303 | ||
| 003 | ES-MaACL | ||
| 005 | 20230906160602.0 | ||
| 007 | t| | ||
| 008 | 030313s1884 sp ||||1| spa d | ||
| 100 | 1 |
_aCastillo y Barco, Gregorio del. _936776 |
|
| 245 | 1 | 0 |
_aMemoria que en la solemne apertura del curso de 1883 á 1884 leyó en el Instituto Provincial de Jérez de la Frontera / _cGregorio del Castillo y Barco. |
| 260 |
_aJeréz : _b[s.n.], _c1884 ( _fGuadalete) |
||
| 300 |
_a72 p. ; _c21 cm. |
||
| 610 | 2 | 4 |
_aInstituto Provincial (Jerez de la Frontera)- _vMemorias. _9157180 |
| 710 | 2 |
_aInstituto Provincial (Jerez de la Frontera) _9157179 |
|
| 852 |
_aES-MaACL _jT-428-F-15 |
||
| 999 |
_c42303 _d42303 |
||